<?xml version="1.0" encoding="UTF-8"?><?xml-stylesheet type="text/xsl" href="static/style.xsl"?><OAI-PMH xmlns="http://www.openarchives.org/OAI/2.0/" xmlns:xsi="http://www.w3.org/2001/XMLSchema-instance" xsi:schemaLocation="http://www.openarchives.org/OAI/2.0/ http://www.openarchives.org/OAI/2.0/OAI-PMH.xsd"><responseDate>2026-04-13T06:44:49Z</responseDate><request verb="GetRecord" identifier="oai:www.recercat.cat:20.500.14342/2337" metadataPrefix="marc">https://recercat.cat/oai/request</request><GetRecord><record><header><identifier>oai:recercat.cat:20.500.14342/2337</identifier><datestamp>2025-05-27T22:42:10Z</datestamp><setSpec>com_2072_482405</setSpec><setSpec>com_2072_183628</setSpec><setSpec>col_2072_482411</setSpec></header><metadata><record xmlns="http://www.loc.gov/MARC21/slim" xmlns:dcterms="http://purl.org/dc/terms/" xmlns:xsi="http://www.w3.org/2001/XMLSchema-instance" xmlns:doc="http://www.lyncode.com/xoai" xsi:schemaLocation="http://www.loc.gov/MARC21/slim http://www.loc.gov/standards/marcxml/schema/MARC21slim.xsd">
   <leader>00925njm 22002777a 4500</leader>
   <datafield ind2=" " ind1=" " tag="042">
      <subfield code="a">dc</subfield>
   </datafield>
   <datafield ind2=" " ind1=" " tag="720">
      <subfield code="a">Fort-Vanmeerhaeghe, Azahara</subfield>
      <subfield code="e">author</subfield>
   </datafield>
   <datafield ind2=" " ind1=" " tag="720">
      <subfield code="a">Benet-Vigo, Ariadna</subfield>
      <subfield code="e">author</subfield>
   </datafield>
   <datafield ind2=" " ind1=" " tag="720">
      <subfield code="a">Montalvo, Alicia M.</subfield>
      <subfield code="e">author</subfield>
   </datafield>
   <datafield ind2=" " ind1=" " tag="720">
      <subfield code="a">Arboix, Adrià</subfield>
      <subfield code="e">author</subfield>
   </datafield>
   <datafield ind2=" " ind1=" " tag="720">
      <subfield code="a">Buscà, Bernat</subfield>
      <subfield code="e">author</subfield>
   </datafield>
   <datafield ind2=" " ind1=" " tag="720">
      <subfield code="a">Arboix-Alió, Jordi</subfield>
      <subfield code="e">author</subfield>
   </datafield>
   <datafield ind2=" " ind1=" " tag="260">
      <subfield code="c">2022</subfield>
   </datafield>
   <datafield ind2=" " ind1=" " tag="520">
      <subfield code="a">The purposes of this study were to quantify inter-limb asymmetries from unilateral jumps,&#xd;
change of direction (COD) speed, and flywheel resistance skill tests and to examine their relationship&#xd;
with physical performance in a sample of elite youth female basketball players. Eleven&#xd;
female basketball players (age = 17.56 _ 0.60 year; body mass = 75.13 _ 12.37 kg;&#xd;
height = 1.83 _ 0.08 m; BMI = 22.42 _ 2.28; sports experience = 6.31 _ 1.73 year; years post-peak&#xd;
height velocity = 4.79 _ 0.68 year) performed a battery of fitness tests in the post-season consisting of&#xd;
the Single Leg Countermovement Jump in vertical (SLCJ-V), horizontal (SLCJ-H), and lateral (SLCJ-L)&#xd;
directions, 135_ and 90_ COD tests, and four skills (acceleration step, deceleration step, sidestep,&#xd;
and crossover step) with an flywheel resistance device. The results showed significant differences&#xd;
between the higher performing and lower performing limbs across all tasks (p &lt; 0.05). The mean&#xd;
asymmetry index values ranged from 1.26% (COD 135_) to 11.75% (SLC-V). Inter-limb asymmetries&#xd;
were greatest during the flywheel resistance skills. Spearman’s correlations (r) for all tests were only&#xd;
significant for inter-limb asymmetries during the sidestep test and reduced performance in SLCJ-L&#xd;
(r = 0.61; p = 0.046) and all COD deficits (r range = 0.72 to 0.81). The findings of the present&#xd;
study showed that inter-limb asymmetries are task-specific in female youth basketball players and&#xd;
suggest that the use of flywheel devices can be included in the battery of tests to detect interlimb&#xd;
asymmetry</subfield>
   </datafield>
   <datafield ind1="8" ind2=" " tag="024">
      <subfield code="a">http://hdl.handle.net/20.500.14342/2337</subfield>
   </datafield>
   <datafield ind1="8" ind2=" " tag="024">
      <subfield code="a">https://doi.org/10.3390/biology11060812</subfield>
   </datafield>
   <datafield tag="653" ind2=" " ind1=" ">
      <subfield code="a">Entrenament (Esports)</subfield>
   </datafield>
   <datafield tag="653" ind2=" " ind1=" ">
      <subfield code="a">Esports d'equip</subfield>
   </datafield>
   <datafield tag="653" ind2=" " ind1=" ">
      <subfield code="a">Esports d'èlit</subfield>
   </datafield>
   <datafield tag="653" ind2=" " ind1=" ">
      <subfield code="a">Basquet</subfield>
   </datafield>
   <datafield tag="653" ind2=" " ind1=" ">
      <subfield code="a">Jugadores de basquet</subfield>
   </datafield>
   <datafield ind2="0" ind1="0" tag="245">
      <subfield code="a">Relationship between Performance and Inter-Limb Asymmetries Using Flywheel Resistance Device in Elite Youth Female Basketball Players</subfield>
   </datafield>
</record></metadata></record></GetRecord></OAI-PMH>